[Event "Biel"]
[Site "Biel SUI"]
[Date "1998.??.??"]
[Round "7"]
[White "Landenbergue, Claude"]
[Black "Gallagher, Joseph G"]
[Result "1-0"]
[WhiteElo "2420"]
[BlackElo "2490"]
[PlyCount "121"]
[EventDate "1998.??.??"]
[EventType "tourn"]
[EventRounds "11"]
[EventCountry "SUI"]
[EventCategory "9"]

1. e4 c5 2. Nf3 d6 3. d4 cxd4 4. Qxd4 Bd7 5. c4 Nc6 6. Qd2 g6 7. Nc3 Bh6 8. Qc2 Bg7 9. h3 Rc8 10. Be3 Nf6 11. Be2 O-O 12. O-O b6 13. Rad1 Qc7 14. Qb1 Qb7 15. Nd5 Rfe8 16. Rc1 Be6 17. Rfd1 Nd7 18. Ng5 Nf8 19. b3 Bd7 20. Nf3 Ne6 21. Bf1 Qb8 22. b4 Qb7 23. a3 Ne5 24. Nxe5 dxe5 25. Rd2 Nd4 26. Re1 Bc6 27. f4 Ne6 28. f5 Nd4 29. fxg6 hxg6 30. Rf2 Qd7 31. Bd3 Rf8 32. Ref1 b5 33. c5 Bxd5 34. exd5 Qxd5 35. Bxd4 exd4 36. Bxb5 Bh6 37. Rf3 Kg7 38. Qd3 f5 39. Re1 Qd8 40. Re5 Rc7 41. Bc4 Be3+ 42. Rfxe3 dxe3 43. Rd5 Qe8 44. Qxe3 e5 45. Rxe5 Qd8 46. Re6 Kh7 47. Qe5 Rg7 48. Bd5 f4 49. Bf3 Rf5 50. Qe4 Qd2 51. Re8 Qc3 52. Kh2 Rff7 53. Qe6 Qd4 54. Qg4 Qf6 55. Be4 Kh6 56. Re6 Qg5 57. Qxg5+ Kxg5 58. b5 Re7 59. Rxe7 Rxe7 60. Bf3 Re5 61. b6 1-0

[Event "Biel"]
[Site "Biel SUI"]
[Date "1998.??.??"]
[Round "7"]
[White "Marciano, David"]
[Black "Mittelman, Gur"]
[Result "1-0"]
[WhiteElo "2485"]
[BlackElo "2415"]
[PlyCount "51"]
[EventDate "1998.??.??"]
[EventType "tourn"]
[EventRounds "11"]
[EventCountry "SUI"]
[EventCategory "9"]

1. e4 c6 2. d4 d5 3. Nc3 dxe4 4. Nxe4 Bf5 5. Ng3 Bg6 6. Bc4 Nf6 7. N1e2 e6 8. O-O Bd6 9. f4 Qc7 10. f5 Bxf5 11. Nxf5 exf5 12. Rxf5 Nbd7 13. Ng3 O-O-O 14. Bxf7 Rhf8 15. Bb3 Bxg3 16. hxg3 Qxg3 17. Bf4 Qg6 18. Rg5 Qe8 19. Qf3 Qe4 20. Rf1 Qxd4+ 21. Be3 Qh4 22. Be6 Ne4 23. Bxd7+ Kxd7 24. Rxg7+ Ke6 25. Rf7 Ng3 26. Qf6+ 1-0

[Event "Biel"]
[Site "Biel SUI"]
[Date "1998.??.??"]
[Round "7"]
[White "Peptan, Corina Isabela"]
[Black "Hickl, Joerg"]
[Result "0-1"]
[WhiteElo "2410"]
[BlackElo "2555"]
[PlyCount "162"]
[EventDate "1998.??.??"]
[EventType "tourn"]
[EventRounds "11"]
[EventCountry "SUI"]
[EventCategory "9"]

1. e4 g6 2. d4 d6 3. Nf3 Bg7 4. Bc4 e6 5. O-O Ne7 6. b3 O-O 7. a4 a6 8. Bb2 b6 9. Nbd2 Bb7 10. Qe2 c5 11. e5 cxd4 12. exd6 Nf5 13. Ne4 Nd7 14. Ba3 Nh4 15. Nxh4 Qxh4 16. f4 Bxe4 17. Qxe4 Nf6 18. Qe1 Qxe1 19. Rfxe1 Rfd8 20. Rad1 Ne8 21. Kf2 Nxd6 22. Bxd6 Rxd6 23. c3 a5 24. cxd4 Bxd4+ 25. Kf3 Rad8 26. Rd3 Kf8 27. Red1 Ke7 28. Ke4 Bc5 29. Rxd6 Bxd6 30. h3 Rc8 31. Kf3 Rc5 32. g4 g5 33. fxg5 Rxg5 34. Re1 h5 35. Re2 Rg8 36. Re4 hxg4+ 37. hxg4 Rh8 38. Bf1 Rh1 39. Bg2 Rd1 40. Ke2 Rb1 41. Re3 Bc5 42. Rd3 Rb2+ 43. Kf3 Kf6 44. Kg3 Kg5 45. Bc6 Bf2+ 46. Kh3 Bg1 47. Kg3 Bh2+ 48. Kf3 Kh4 49. Be8 Bg1 50. g5 Kxg5 51. Bxf7 Rf2+ 52. Ke4 Rxf7 53. Rg3+ Kf6 54. Rxg1 Rh7 55. Rf1+ Ke7 56. Kd4 Rh4+ 57. Kc3 e5 58. Rf5 Ke6 59. Rf8 Rb4 60. Rh8 Kf5 61. Rh3 Kg4 62. Re3 Kf4 63. Rh3 e4 64. Kd2 Rd4+ 65. Ke2 Rd6 66. Rh5 Rg6 67. Rb5 e3 68. b4 Rg2+ 69. Kf1 e2+ 70. Ke1 Ke3 71. Re5+ Kd3 72. Rd5+ Kc4 73. Rb5 axb4 74. Rxb6 Rg1+ 75. Kxe2 Ra1 76. Kd2 Kb3 77. Rh6 Kb2 78. Rh4 b3 79. Kd3 Ka3 80. Rh3 b2 81. Kc4+ Kxa4 0-1

[Event "Biel"]
[Site "Biel SUI"]
[Date "1998.??.??"]
[Round "8"]
[White "Hickl, Joerg"]
[Black "Zueger, Beat"]
[Result "1/2-1/2"]
[WhiteElo "2555"]
[BlackElo "2445"]
[PlyCount "87"]
[EventDate "1998.??.??"]
[EventType "tourn"]
[EventRounds "11"]
[EventCountry "SUI"]
[EventCategory "9"]

1. g3 g6 2. Bg2 Bg7 3. c4 c5 4. Nc3 Nc6 5. a3 b6 6. b4 Bb7 7. Rb1 cxb4 8. axb4 Qc8 9. Nd5 e6 10. Ne3 Nd4 11. Nf3 Nxf3+ 12. Bxf3 Bxf3 13. exf3 Nf6 14. Bb2 O-O 15. O-O d5 16. Bxf6 Bxf6 17. cxd5 exd5 18. Nxd5 Qc6 19. Ne3 Rfd8 20. Qe2 a5 21. Rfc1 Qd7 22. Nc4 Bd4 23. bxa5 bxa5 24. d3 a4 25. Kg2 Ra6 26. Qa2 Qd5 27. Re1 Bg7 28. Re3 a3 29. Rb3 Bf8 30. Re5 Qd4 31. Re4 Qd5 32. h4 h5 33. Ne3 Qc6 34. Nc2 Qd5 35. Ne3 Qc6 36. Rc4 Qe6 37. d4 Rb6 38. d5 Qd6 39. Ra4 Rxb3 40. Qxb3 Qc5 41. Ra6 Qd4 42. Qb5 Qb2 43. Qa5 Re8 44. Nc4 1/2-1/2

[Event "Biel"]
[Site "Biel SUI"]
[Date "1998.??.??"]
[Round "8"]
[White "Jenni, Florian"]
[Black "Peptan, Corina Isabela"]
[Result "0-1"]
[WhiteElo "2415"]
[BlackElo "2410"]
[PlyCount "138"]
[EventDate "1998.??.??"]
[EventType "tourn"]
[EventRounds "11"]
[EventCountry "SUI"]
[EventCategory "9"]

1. e4 c5 2. c3 d5 3. exd5 Qxd5 4. d4 Nf6 5. Nf3 e6 6. Bd3 Be7 7. O-O O-O 8. Be3 Nc6 9. dxc5 Rd8 10. Bc2 Qh5 11. Nbd2 Ng4 12. Bf4 Bxc5 13. Qe2 e5 14. Bg3 Be6 15. b4 Bd6 16. Bb3 Bxb3 17. axb3 f6 18. Rfd1 Nh6 19. Nc4 Nf5 20. Qe4 Qg6 21. Nh4 Nxh4 22. Qxg6 Nxg6 23. Rxd6 a6 24. f3 Nge7 25. Rad1 Rxd6 26. Rxd6 Rd8 27. Rxd8+ Nxd8 28. Nd6 Kf8 29. b5 axb5 30. Nxb5 Nd5 31. Be1 Ke7 32. c4 Nf4 33. Bd2 Nd3 34. Kf1 Nc6 35. Ke2 Nc5 36. Be3 Nxb3 37. Kd3 Nd8 38. Kc3 Na5 39. Kb4 Ndc6+ 40. Kc3 Nb8 41. Bc5+ Kd7 42. Bf8 g6 43. Kb4 Nbc6+ 44. Kc5 Nd8 45. Kb4 Nac6+ 46. Kc3 Ne6 47. Ba3 Nf4 48. g3 Ne2+ 49. Kd3 Ned4 50. Nxd4 Nxd4 51. f4 Nc6 52. fxe5 Nxe5+ 53. Kc3 Ke6 54. h3 Nf3 55. Kd3 g5 56. Bc5 Ne5+ 57. Kd4 Nc6+ 58. Kd3 h5 59. Be3 Ne7 60. Ke4 Nf5 61. Bf2 h4 62. g4 Nd6+ 63. Kd4 f5 64. Be3 fxg4 65. hxg4 h3 66. Bg1 Nf7 67. Ke3 Ne5 68. Kf2 Nxg4+ 69. Kg3 h2 0-1

[Event "Biel"]
[Site "Biel SUI"]
[Date "1998.??.??"]
[Round "8"]
[White "Mittelman, Gur"]
[Black "Ekstroem, Roland"]
[Result "1/2-1/2"]
[WhiteElo "2415"]
[BlackElo "2490"]
[PlyCount "77"]
[EventDate "1998.??.??"]
[EventType "tourn"]
[EventRounds "11"]
[EventCountry "SUI"]
[EventCategory "9"]

1. d4 d5 2. c4 dxc4 3. e3 c5 4. Bxc4 cxd4 5. exd4 Qc7 6. Qd3 e6 7. Nf3 Nf6 8. O-O Be7 9. Nc3 a6 10. Bg5 O-O 11. Rfd1 Nc6 12. Qe2 b5 13. Bd3 Nb4 14. Bxf6 Bxf6 15. Be4 Bb7 16. Rac1 Rac8 17. a3 Bxe4 18. Qxe4 Nd5 19. Nxd5 exd5 20. Qe3 Qd6 21. g3 h6 22. Ne5 Bg5 23. f4 Be7 24. Rc3 Qe6 25. Rdc1 f6 26. Rc6 Rxc6 27. Rxc6 Qf5 28. g4 Qb1+ 29. Rc1 Qxb2 30. Ng6 Bxa3 31. Qe6+ Kh7 32. Nxf8+ Bxf8 33. Qf5+ g6 34. Rc7+ Bg7 35. Qxd5 Qe2 36. Qd7 Qe1+ 37. Kg2 Qe2+ 38. Kg1 Qe1+ 39. Kg2 1/2-1/2

[Event "Biel"]
[Site "Biel SUI"]
[Date "1998.??.??"]
[Round "8"]
[White "Palac, Mladen"]
[Black "Gallagher, Joseph G"]
[Result "1/2-1/2"]
[WhiteElo "2545"]
[BlackElo "2490"]
[PlyCount "57"]
[EventDate "1998.??.??"]
[EventType "tourn"]
[EventRounds "11"]
[EventCountry "SUI"]
[EventCategory "9"]

1. e4 c5 2. Nf3 d6 3. d4 cxd4 4. Nxd4 Nf6 5. Nc3 a6 6. Be2 e5 7. Nb3 Be7 8. O-O O-O 9. Kh1 Qc7 10. a4 Be6 11. f4 Nbd7 12. f5 Bc4 13. a5 b5 14. axb6 Nxb6 15. Be3 Rfc8 16. Bxb6 Qxb6 17. Bxc4 Rxc4 18. Qd3 Rac8 19. Ra2 d5 20. exd5 Bb4 21. Ra4 a5 22. Nxa5 Rxc3 23. bxc3 Bxa5 24. Rfa1 h5 25. Rxa5 Ng4 26. Qe2 Nf2+ 27. Kg1 Nh3+ 28. Kh1 Nf2+ 29. Kg1 1/2-1/2

[Event "Biel"]
[Site "Biel SUI"]
[Date "1998.??.??"]
[Round "9"]
[White "Gallagher, Joseph G"]
[Black "Pelletier, Yannick"]
[Result "1/2-1/2"]
[WhiteElo "2490"]
[BlackElo "2515"]
[PlyCount "125"]
[EventDate "1998.??.??"]
[EventType "tourn"]
[EventRounds "11"]
[EventCountry "SUI"]
[EventCategory "9"]

1. e4 c5 2. Nf3 d6 3. d4 cxd4 4. Nxd4 Nf6 5. Nc3 Nc6 6. f3 e5 7. Nb3 Be7 8. Be3 O-O 9. Qd2 a5 10. Bb5 Be6 11. Rd1 Na7 12. Bd3 Nc6 13. a3 Nd7 14. O-O a4 15. Nc1 Nb6 16. Qf2 Nc4 17. Bxc4 Bxc4 18. Rfe1 Ra6 19. Nd5 b5 20. Nd3 Bxd3 21. Rxd3 Qd7 22. Red1 Na5 23. Qg3 f6 24. Bc1 Rc8 25. Bh6 g6 26. c3 Nc4 27. Bc1 Bd8 28. f4 f5 29. fxe5 Nxe5 30. Re3 fxe4 31. Rxe4 Qe6 32. Qf2 Rc4 33. Rf1 Qf5 34. Qxf5 gxf5 35. Re2 Rc5 36. Nb4 Ra8 37. Rxf5 Ba5 38. Bh6 Nf7 39. Rf6 Nxh6 40. Rxh6 Bxb4 41. axb4 Rd5 42. h3 a3 43. bxa3 Rxa3 44. Re7 Rxc3 45. Rhxh7 Rg5 46. Rhf7 Rcg3 47. Rf2 Rxh3 48. Ra2 Rf3 49. Raa7 Rff5 50. Reb7 Kh8 51. Rh7+ Kg8 52. Rhb7 Kh8 53. Ra8+ Rg8 54. Rxg8+ Kxg8 55. Kh2 Rh5+ 56. Kg3 Rg5+ 57. Kf3 Rf5+ 58. Ke2 Rg5 59. Kf2 Rf5+ 60. Ke3 Rg5 61. Kf3 Rf5+ 62. Kg4 Rd5 63. Kf3 1/2-1/2

[Event "Biel"]
[Site "Biel SUI"]
[Date "1998.??.??"]
[Round "9"]
[White "Zueger, Beat"]
[Black "Jenni, Florian"]
[Result "1/2-1/2"]
[WhiteElo "2445"]
[BlackElo "2415"]
[PlyCount "74"]
[EventDate "1998.??.??"]
[EventType "tourn"]
[EventRounds "11"]
[EventCountry "SUI"]
[EventCategory "9"]

1. c4 Nf6 2. g3 g6 3. Bg2 Bg7 4. Nc3 O-O 5. d3 d6 6. Rb1 a5 7. a3 e5 8. b4 axb4 9. axb4 Nc6 10. e3 Bg4 11. Nge2 Qc8 12. h3 Bd7 13. b5 Ne7 14. Qb3 Kh8 15. Bb2 Ne8 16. d4 exd4 17. Nxd4 c5 18. Nde2 Nf6 19. g4 h5 20. Nf4 h4 21. Rd1 Ne8 22. O-O g5 23. Nfd5 Nxd5 24. Nxd5 Qd8 25. Bxg7+ Nxg7 26. f4 f5 27. gxf5 Bxf5 28. e4 Be6 29. f5 Bxd5 30. Rxd5 Qf6 31. Qd1 Rad8 32. Rf2 Ne6 33. Qh5+ Kg7 34. fxe6 Qxf2+ 35. Kh1 Qe1+ 36. Kh2 Qg3+ 37. Kh1 Qe1+ 1/2-1/2

[Event "Biel"]
[Site "Biel SUI"]
[Date "1998.??.??"]
[Round "10"]
[White "Hickl, Joerg"]
[Black "Ekstroem, Roland"]
[Result "1/2-1/2"]
[WhiteElo "2555"]
[BlackElo "2490"]
[PlyCount "134"]
[EventDate "1998.??.??"]
[EventType "tourn"]
[EventRounds "11"]
[EventCountry "SUI"]
[EventCategory "9"]

1. c4 e5 2. g3 Nf6 3. Bg2 d5 4. cxd5 Nxd5 5. Nc3 Nb6 6. Nf3 Nc6 7. O-O Be7 8. b3 O-O 9. Bb2 Bg4 10. h3 Be6 11. Kh2 f6 12. d3 Qd7 13. Rc1 a5 14. a3 Rfd8 15. Nb5 a4 16. b4 Bb3 17. Qd2 Rac8 18. Nc3 Nc4 19. dxc4 Qxd2 20. Nxd2 Rxd2 21. Ba1 Nd8 22. f4 exf4 23. Rxf4 c6 24. Bf3 Nf7 25. Nb1 Ra2 26. Nc3 Rxa3 27. b5 cxb5 28. Nxb5 Ra2 29. Nc3 Rd2 30. Bxb7 Rxc4 31. Rxc4 Bxc4 32. Nxa4 Rxe2+ 33. Kh1 Be6 34. Nc3 Rd2 35. Bg2 Ne5 36. Ne4 Rxg2 37. Kxg2 Bd5 38. Bxe5 Bxe4+ 39. Kh2 fxe5 40. Re1 Bc6 41. Rxe5 Kf7 42. h4 Bd7 43. Rd5 Bg4 44. Ra5 h5 45. Ra6 g6 46. Rb6 Be6 47. Kg2 Kf6 48. Kh2 Ke5 49. Rb5+ Kd4 50. Ra5 Bf5 51. Kg2 Be4+ 52. Kh2 Ke3 53. Ra7 Bc5 54. Ra5 Bd6 55. Ra6 Bc5 56. Ra5 Bd4 57. Ra3+ Bd3 58. Ra4 Be5 59. Ra5 Bd6 60. Rd5 Bb4 61. Rd7 Be4 62. Rf7 Be1 63. Rf6 Bf5 64. Kg2 Bc3 65. Rf7 Be5 66. Rf8 Bd6 67. Rf6 Be5 1/2-1/2

[Event "Biel"]
[Site "Biel SUI"]
[Date "1998.??.??"]
[Round "10"]
[White "Jenni, Florian"]
[Black "Marciano, David"]
[Result "1/2-1/2"]
[WhiteElo "2415"]
[BlackElo "2485"]
[PlyCount "30"]
[EventDate "1998.??.??"]
[EventType "tourn"]
[EventRounds "11"]
[EventCountry "SUI"]
[EventCategory "9"]

1. e4 e5 2. Nf3 Nc6 3. Bb5 Nf6 4. O-O Nxe4 5. d4 Nd6 6. Bxc6 dxc6 7. dxe5 Nf5 8. Qxd8+ Kxd8 9. Nc3 Ke8 10. h3 a5 11. b3 Bb4 12. Bb2 Bxc3 13. Bxc3 c5 14. Rad1 h6 15. Ne1 b6 1/2-1/2

[Event "Biel"]
[Site "Biel SUI"]
[Date "1998.??.??"]
[Round "10"]
[White "Mittelman, Gur"]
[Black "Gallagher, Joseph G"]
[Result "1/2-1/2"]
[WhiteElo "2415"]
[BlackElo "2490"]
[PlyCount "56"]
[EventDate "1998.??.??"]
[EventType "tourn"]
[EventRounds "11"]
[EventCountry "SUI"]
[EventCategory "9"]

1. d4 Nf6 2. Nf3 g6 3. g3 Bg7 4. Bg2 O-O 5. O-O d6 6. c4 Nbd7 7. Nc3 e5 8. e4 a6 9. h3 b5 10. cxb5 axb5 11. dxe5 dxe5 12. Be3 c6 13. Qc2 Qe7 14. b3 Ba6 15. Rfd1 Rfc8 16. Bf1 Bb7 17. Nb1 Ne8 18. Nbd2 Nc7 19. a4 Ne6 20. axb5 Rxa1 21. Rxa1 cxb5 22. Qb2 Qb4 23. Qa3 Qxa3 24. Rxa3 Bc6 25. Ra5 Rb8 26. Ra6 Rc8 27. Ra5 Rb8 28. Ra6 Rc8 1/2-1/2

[Event "Biel"]
[Site "Biel SUI"]
[Date "1998.??.??"]
[Round "10"]
[White "Palac, Mladen"]
[Black "Pelletier, Yannick"]
[Result "1/2-1/2"]
[WhiteElo "2545"]
[BlackElo "2515"]
[PlyCount "63"]
[EventDate "1998.??.??"]
[EventType "tourn"]
[EventRounds "11"]
[EventCountry "SUI"]
[EventCategory "9"]

1. e4 c5 2. Nf3 d6 3. d4 cxd4 4. Nxd4 Nf6 5. Nc3 Nc6 6. Bg5 e6 7. Qd2 Be7 8. O-O-O Nxd4 9. Qxd4 a6 10. f4 b5 11. Bxf6 gxf6 12. f5 Qc7 13. Be2 Qc5 14. Qxc5 dxc5 15. fxe6 fxe6 16. Bh5+ Kf8 17. e5 f5 18. g4 b4 19. Ne2 Bg5+ 20. Kb1 Ke7 21. gxf5 exf5 22. Rhg1 Bh6 23. Bf3 Rb8 24. Rd6 Be6 25. Bd5 Bxd5 26. Rxh6 Rbg8 27. Rg3 Rg4 28. b3 a5 29. Rd3 Be6 30. Rd6 Rg6 31. Rh5 Rg4 32. Rh6 1/2-1/2

[Event "Biel"]
[Site "Biel SUI"]
[Date "1998.??.??"]
[Round "10"]
[White "Peptan, Corina Isabela"]
[Black "Zueger, Beat"]
[Result "1-0"]
[WhiteElo "2410"]
[BlackElo "2445"]
[PlyCount "89"]
[EventDate "1998.??.??"]
[EventType "tourn"]
[EventRounds "11"]
[EventCountry "SUI"]
[EventCategory "9"]

1. e4 e6 2. d4 d5 3. Nc3 Nf6 4. e5 Nfd7 5. f4 c5 6. Nf3 Nc6 7. Be3 cxd4 8. Nxd4 Qb6 9. Qd2 Qxb2 10. Rb1 Qa3 11. Bb5 Nxd4 12. Bxd4 Bb4 13. O-O O-O 14. Rb3 Qa5 15. Qe3 Nb6 16. Qg3 Nc4 17. f5 Rd8 18. Qh4 Bf8 19. Na4 exf5 20. Nb6 axb6 21. Qxd8 Be6 22. Qh4 Qd2 23. Qf2 Rxa2 24. Bxc4 Qxf2+ 25. Rxf2 dxc4 26. Rxb6 Bd5 27. h3 Bc6 28. Rd2 c3 29. Re2 Ra4 30. Bf2 Bb4 31. Re1 Ba5 32. Rbb1 Kf8 33. Bc5+ Ke8 34. e6 fxe6 35. Rxe6+ Kf7 36. Re7+ Kf6 37. Rd1 g6 38. Rxh7 f4 39. Rd6+ Kf5 40. Rf7+ Kg5 41. Re6 Bb4 42. Bb6 Ra1+ 43. Kh2 Rc1 44. Re5+ Kh6 45. Bd8 1-0

[Event "Biel"]
[Site "Biel SUI"]
[Date "1998.??.??"]
[Round "11"]
[White "Ekstroem, Roland"]
[Black "Jenni, Florian"]
[Result "1/2-1/2"]
[WhiteElo "2490"]
[BlackElo "2415"]
[PlyCount "31"]
[EventDate "1998.??.??"]
[EventType "tourn"]
[EventRounds "11"]
[EventCountry "SUI"]
[EventCategory "9"]

1. e4 e5 2. Nf3 Nc6 3. Bb5 a6 4. Bxc6 dxc6 5. O-O Ne7 6. Nxe5 Qd4 7. Qh5 g6 8. Nf3 Qxe4 9. Qa5 Bg4 10. Re1 Qd5 11. Qxc7 Bxf3 12. gxf3 Qxf3 13. Qxb7 Qg4+ 14. Kf1 Qh3+ 15. Kg1 Qg4+ 16. Kf1 1/2-1/2

[Event "Biel"]
[Site "Biel SUI"]
[Date "1998.??.??"]
[Round "11"]
[White "Landenbergue, Claude"]
[Black "Hickl, Joerg"]
[Result "1/2-1/2"]
[WhiteElo "2420"]
[BlackElo "2555"]
[PlyCount "52"]
[EventDate "1998.??.??"]
[EventType "tourn"]
[EventRounds "11"]
[EventCountry "SUI"]
[EventCategory "9"]

1. d4 d6 2. Nf3 Nf6 3. c4 Nbd7 4. Nc3 c6 5. e4 e5 6. Be2 a6 7. O-O Be7 8. h3 O-O 9. Be3 b5 10. a3 Bb7 11. Qc2 exd4 12. Nxd4 g6 13. Rad1 Re8 14. Nf3 Bf8 15. Bf4 Qc7 16. Rfe1 Rad8 17. Bf1 Nh5 18. Bg5 Rc8 19. Qc1 Nb6 20. cxb5 cxb5 21. Be3 Nf6 22. Bd4 Nfd7 23. Qf4 Bc6 24. h4 Ne5 25. h5 Nbd7 26. hxg6 hxg6 1/2-1/2

[Event "Biel"]
[Site "Biel SUI"]
[Date "1998.??.??"]
[Round "11"]
[White "Marciano, David"]
[Black "Peptan, Corina Isabela"]
[Result "1-0"]
[WhiteElo "2485"]
[BlackElo "2410"]
[PlyCount "77"]
[EventDate "1998.??.??"]
[EventType "tourn"]
[EventRounds "11"]
[EventCountry "SUI"]
[EventCategory "9"]

1. e4 c5 2. Nf3 d6 3. Bb5+ Nd7 4. d4 cxd4 5. Qxd4 e5 6. Qd3 Be7 7. Nc3 Ngf6 8. Bg5 O-O 9. Bxd7 Bxd7 10. Bxf6 Bxf6 11. Qxd6 Bc6 12. Qxd8 Rfxd8 13. a4 Re8 14. Ke2 Bd8 15. Rhd1 Rc8 16. a5 g6 17. g4 f6 18. Ra2 Be7 19. b3 Kf7 20. Nd5 Bb5+ 21. Ke1 Bf8 22. c4 Bc6 23. Kf1 Bc5 24. Rb2 h5 25. gxh5 gxh5 26. Nh4 Bd4 27. Rbd2 Bd7 28. Ne3 Bh3+ 29. Ke2 Bc3 30. Rd3 Bb4 31. Nef5 Bg4+ 32. f3 Bxf5 33. Nxf5 Kf8 34. Rd7 Bxa5 35. Nd6 b5 36. Rf7+ Kg8 37. Rg1+ Kh8 38. Rxf6 Kh7 39. Nf5 1-0

[Event "Biel"]
[Site "Biel SUI"]
[Date "1998.??.??"]
[Round "11"]
[White "Zueger, Beat"]
[Black "Palac, Mladen"]
[Result "0-1"]
[WhiteElo "2445"]
[BlackElo "2545"]
[PlyCount "64"]
[EventDate "1998.??.??"]
[EventType "tourn"]
[EventRounds "11"]
[EventCountry "SUI"]
[EventCategory "9"]

1. c4 e5 2. g3 Nf6 3. Bg2 d5 4. cxd5 Nxd5 5. Nc3 Nb6 6. Nf3 Nc6 7. O-O Be7 8. a3 O-O 9. b4 Be6 10. Rb1 f6 11. d3 a5 12. b5 Nd4 13. Nd2 Bd5 14. Nxd5 Nxd5 15. Bb2 a4 16. Bxd5+ Qxd5 17. e4 Qd7 18. Bxd4 Qxd4 19. Nc4 Rfd8 20. Qg4 Qd7 21. Qh4 Qxd3 22. Ne3 Qxa3 23. Rfc1 Qd6 24. Nf5 Qd7 25. Qg4 Bf8 26. Rd1 Qe8 27. Rdc1 Rac8 28. h4 h5 29. Qe2 Qf7 30. Ne3 a3 31. g4 Qg6 32. Qc4+ Kh8 0-1